| 000 | 01038nam a2200349 a 4500 | ||
|---|---|---|---|
| 003 | AR-BaBNM | ||
| 005 | 20251128204551.0 | ||
| 008 | 082120s2002 ||||||||||||||000 | spa|| | ||
| 020 | _a950-05-0864-8 | ||
| 040 | _cAR-BaBNM | ||
| 245 | 0 | 0 |
_aTeatro latinoamericano de los setenta _bautoritarismo, cuestionamiento y cambio |
| 260 |
_aBuenos Aires _bEdiciones Corregidor _c1995 |
||
| 300 | _a317 p. | ||
| 490 | 0 | _aImagen del drama | |
| 500 | _aContiene referencias bibliográficas al final de cada capítulo | ||
| 650 | 4 | _aLITERATURA LATINOAMERICANA | |
| 650 | 4 | _aCRITICA LITERARIA | |
| 650 | 4 | _aTEATRO | |
| 650 | 4 | _aLITERATURA CONTEMPORANEA | |
| 650 | 4 | _aANALISIS LITERARIO | |
| 650 | 4 | _aINVESTIGACION LITERARIA | |
| 650 | 4 | _aAUTORES | |
| 650 | 4 | _aAUTORITARISMO | |
| 653 | _aMODERNIDAD | ||
| 653 | _aCRITICA SOCIAL | ||
| 655 | _aLITERATURA | ||
| 700 | 1 |
_aPellettieri, Osvaldo _ecompilador |
|
| 800 | 1 |
_aPelletieri, Osvaldo _edirector |
|
| 800 | 1 |
_aGiella, Miguel Angel _edirector |
|
| 942 | _cBK | ||
| 998 | _cMARTIN | ||
| 999 |
_c7951 _d7951 |
||